Every European Park with a B&M - Statistics

General Stats
  • This quiz has been taken 71 times
  • The average score is 13 of 18
Answers on the Map
Answers color-coded by a green-red scale on the quiz's map according to % correct below.
 
Answer Stats
Answer % Correct
Alton Towers
95%
Phantasialand
90%
Thorpe Park
89%
Europa Park
87%
Parc Asterix
79%
PortAventura Park
79%
Parque Warner Madrid
78%
Grona Lund
75%
Efteling
73%
Heide Park Resort
73%
Chessington World of Adventures
70%
Gardaland
68%
Mirabilandia
68%
Liseberg
65%
Tivoli Gardens
65%
Toverland
51%
Legoland Deutschland
49%
Walygator Grand Est
38%
No matching quizzes found
Score Distribution
Percent of People with Each Score
Percentile by Number Answered
Your Score History
You have not taken this quiz